|
|
|
|
| LEADER |
00732nam a22002172a 4500 |
| 001 |
001854602 |
| 003 |
CZ BrMZK |
| 005 |
20230411103648.0 |
| 007 |
ta |
| 008 |
230406s1920 gw er|||||||||||ger d |
| 040 |
|
|
|a BOA001
|b cze
|e aacr2
|
| 100 |
1 |
|
|a Stifter, Adalbert,
|d 1805-1868
|7 jn19990009997
|4 aut
|
| 245 |
1 |
0 |
|a Studien.
|n Bd. 2 /
|c Adalbert Stifter ; neue Taschenausgabe mit einer Einleitung von Johannes Schlaf
|
| 260 |
|
|
|a Leipzig :
|b Insel-Verlag,
|c [1920?]
|
| 300 |
|
|
|a 698 s.
|
| 700 |
1 |
|
|a Schlaf, Johannes,
|d 1862-1941
|7 jn20010316179
|4 wfw
|
| 910 |
|
|
|a BOA001
|b 1-0226.755,2
|
| 990 |
|
|
|a BK
|
| 993 |
|
|
|a Y
|
| 991 |
|
|
|b 202304
|
| 996 |
6 |
|
|b BC-2407578
|c 1-0226.755,2
|l MZK
|r Sklad / do 1 hodiny
|n 0
|p dar
|w 001921619
|u 000010
|a 1
|e BOA001
|j MZK50
|s P
|